The woman's historical novel : (Record no. 17507)
[ view plain ]
| 000 -LEADER | |
|---|---|
| fixed length control field | 01358nam a2200349 a 4500 |
| 001 - CONTROL NUMBER | |
| control field | 014691222 |
| 003 - CONTROL NUMBER IDENTIFIER | |
| control field | EG-ScBUE |
| 005 - DATE AND TIME OF LATEST TRANSACTION | |
| control field | 20220102113045.0 |
| 008 - FIXED-LENGTH DATA ELEMENTS--GENERAL INFORMATION | |
| fixed length control field | 081009s2008 enk f b 001 0 eng d |
| 020 ## - INTERNATIONAL STANDARD BOOK NUMBER | |
| International Standard Book Number | 9780230223608 |
| 020 ## - INTERNATIONAL STANDARD BOOK NUMBER | |
| International Standard Book Number | 0230223605 |
| 040 ## - CATALOGING SOURCE | |
| Original cataloging agency | EG-ScBUE |
| Language of cataloging | eng |
| Description conventions | rda |
| Transcribing agency | EG-ScBUE |
| Modifying agency | EG-ScBUE |
| 082 04 - DEWEY DECIMAL CLASSIFICATION NUMBER | |
| Classification number | 823.081099287 |
| Edition number | 22 |
| Item number | WAL |
| 100 1# - MAIN ENTRY--PERSONAL NAME | |
| Personal name | Wallace, Diana, |
| Dates associated with a name | 1964- |
| Relator term | author. |
| 9 (RLIN) | 33571 |
| 245 14 - TITLE STATEMENT | |
| Title | The woman's historical novel : |
| Remainder of title | British women writers, 1900-2000 / |
| Statement of responsibility, etc | Diana Wallace. |
| 264 #1 - PUBLICATION, DISTRIBUTION, ETC. (IMPRINT) | |
| Place of publication, distribution, etc | London : |
| Name of publisher, distributor, etc | Palgrave Macmillan, |
| Date of publication, distribution, etc | 2008. |
| 300 ## - PHYSICAL DESCRIPTION | |
| Extent | xiii, 269 pages ; |
| Dimensions | 22 cm |
| 336 ## - CONTENT TYPE | |
| Source | rdacontent |
| Content type term | text |
| Content type code | txt |
| 337 ## - MEDIA TYPE | |
| Source | rdamedia |
| Media type term | unmediated |
| Media type code | n |
| 338 ## - CARRIER TYPE | |
| Source | rdacarrier |
| Carrier type term | volume |
| Carrier type code | nc |
| 500 ## - GENERAL NOTE | |
| General note | Originally published: 2005. |
| 504 ## - BIBLIOGRAPHY, ETC. NOTE | |
| Bibliography, etc | Includes bibliographical references and index. |
| 650 #7 - SUBJECT ADDED ENTRY--TOPICAL TERM | |
| Topical term or geographic name as entry element | Historical fiction, English |
| General subdivision | History and criticism. |
| Source of heading or term | BUEsh |
| 9 (RLIN) | 33572 |
| 650 #7 - SUBJECT ADDED ENTRY--TOPICAL TERM | |
| Topical term or geographic name as entry element | English fiction |
| Chronological subdivision | 19th century |
| General subdivision | History and criticism. |
| Source of heading or term | BUEsh |
| 9 (RLIN) | 33573 |
| 650 #7 - SUBJECT ADDED ENTRY--TOPICAL TERM | |
| Topical term or geographic name as entry element | English fiction |
| General subdivision | Women authors |
| -- | History and criticism. |
| Source of heading or term | BUEsh |
| 9 (RLIN) | 33574 |
| 650 #7 - SUBJECT ADDED ENTRY--TOPICAL TERM | |
| Topical term or geographic name as entry element | Women and literature |
| Geographic subdivision | Great Britain |
| General subdivision | History |
| Chronological subdivision | 19th century. |
| Source of heading or term | BUEsh |
| 9 (RLIN) | 33575 |
| 650 #7 - SUBJECT ADDED ENTRY--TOPICAL TERM | |
| Topical term or geographic name as entry element | Literature and history |
| Geographic subdivision | Great Britain |
| General subdivision | History |
| Chronological subdivision | 19th century. |
| Source of heading or term | BUEsh |
| 9 (RLIN) | 33576 |
| 651 ## - SUBJECT ADDED ENTRY--GEOGRAPHIC NAME | |
| Source of heading or term | BUEsh |
| 653 ## - INDEX TERM--UNCONTROLLED | |
| Arrived date list | September2013 |
| Resource For college | Humanities: English |
| 655 ## - INDEX TERM--GENRE/FORM | |
| Form subdivision | Reading book |
| 9 (RLIN) | 34232 |
| 942 ## - ADDED ENTRY ELEMENTS (KOHA) | |
| Source of classification or shelving scheme | Dewey Decimal Classification |
| Koha item type | Book - Borrowing |
| Withdrawn status | Lost status | Source of classification or shelving scheme | Damaged status | Not for loan | Collection code | Home library | Current library | Shelving location | Date acquired | Source of acquisition | Cost, normal purchase price | Serial Enumeration / chronology | Total Checkouts | Full call number | Barcode | Date last seen | Date checked out | Cost, replacement price | Price effective from | Koha item type |
|---|---|---|---|---|---|---|---|---|---|---|---|---|---|---|---|---|---|---|---|---|
| Dewey Decimal Classification | Baccah | Central Library | Central Library | Second Floor | 04/09/2013 | 338.00 | 18079 | 2 | 823.081099287 WAL | 000028830 | 15/07/2025 | 08/12/2014 | 422.50 | 04/09/2013 | Book - Borrowing |